Zdaňovanie príjmov slovenských daňovníkov v ČR a českých daňovníkov v SR (III.)

Dokončenie príspevku o zdaňovaní slovenských a českých daňovníkov v zahraničí (Česko a Slovensko). Vznik stálej prevádzkarne podľa ZDP. Zdanenie ziskov stálej prevádzkarne. Zamedzenie dvojitého zdanenia. Povinnosť podania daňového priznania. Daňové sadzby.

Salvato in:
Dettagli Bibliografici
Autore principale: Borčíková, Jana
Natura: Capitolo di libro
Lingua:slovacco
Soggetti:
Tags: Aggiungi Tag
Nessun Tag, puoi essere il primo ad aggiungerne!!

MARC

LEADER 00000naa$a2200000$$$4500
001 0024846
005 20231109113529.2
041 0 |a slo 
044 |a SK 
245 1 0 |a Zdaňovanie príjmov slovenských daňovníkov v ČR a českých daňovníkov v SR (III.)  |c Jana Borčíková 
520 |a Dokončenie príspevku o zdaňovaní slovenských a českých daňovníkov v zahraničí (Česko a Slovensko). Vznik stálej prevádzkarne podľa ZDP. Zdanenie ziskov stálej prevádzkarne. Zamedzenie dvojitého zdanenia. Povinnosť podania daňového priznania. Daňové sadzby. 
610 2 0 |a zdaňovanie 
610 2 0 |a dane z príjmov 
610 2 0 |a daňovníci 
610 2 0 |a Slovensko 
610 2 0 |a Česko 
610 2 0 |a zdanenie dvojité 
610 2 0 |a prevádzky 
610 2 0 |a sadzby daňové 
100 1 |a Borčíková, Jana